Τα πρώτα βήματα της ανθρωπότητος
Αποθηκεύτηκε σε:
| Κύριος συγγραφέας: | |
|---|---|
| Άλλοι συγγραφείς: | |
| Μορφή: | Βιβλίο |
| Γλώσσα: | Greek |
| Δημοσίευση: |
Εν Αθήναις :
Σιδέρης, Ι.Ν.,
[19--]
|
| Έκδοση: | 4η έκδ. |
| Σειρά: | Σύλλογος προς Διάδοσιν Ωφελίμων Βιβλίων ;
; 15 |
| Θέματα: | |
| Ετικέτες: |
Προσθήκη ετικέτας
Δεν υπάρχουν, Καταχωρήστε ετικέτα πρώτοι!
|
MARC
| LEADER | 00000cam a2200000 i 4500 | ||
|---|---|---|---|
| 001 | 1/100663 | ||
| 008 | 090204q19601970gr | ||| |||| ||gre|| | ||
| 035 | |l 10102943 | ||
| 040 | |a GR-MY-UA |b gre |e aacr | ||
| 041 | 0 | |a gre | |
| 082 | 0 | |a 599.97092 |2 (22) | |
| 100 | 1 | |a Clodd, Edward |d 1840-1930. | |
| 245 | 1 | 3 | |a Τα πρώτα βήματα της ανθρωπότητος / |c κατά τον Edward Clodd υπό Αριστοτέλους Κουρτίδου |
| 250 | |a 4η έκδ. | ||
| 260 | |a Εν Αθήναις : |b Σιδέρης, Ι.Ν., |c [19--] | ||
| 300 | |a 126 σ.; |c 17 εκ. | ||
| 490 | 1 | |a Σύλλογος προς διάδοσιν ωφελίμων βιβλίων |v ; 15 | |
| 500 | |a Με: Βυζαντινόν παραμύθι / Φαίδωνος Ι. Κουκουλέ. - Σύντομος ιστορία της ελληνικής γλώσσης / Γεωργίου Ν. Χατζιδάκη. - Πλινίου του νεωτέρου επιστολαί / Γεωργίου Κ. Γρατσιάτου. - Ιστορικαί διηγήσεις / Π.Μ. Κοντογιάννη. - Διαλέξεις της εθνικής εκατονταετηρίδος 1830-1930 | ||
| 650 | 0 | 0 | |a Human beings. |
| 650 | 0 | 0 | |a Humanity. |
| 650 | 0 | 0 | |a Race. |
| 700 | 1 | |a Κουρτίδης, Αριστοτέλης, |d 1858-1928. | |
| 830 | 0 | |a Σύλλογος προς Διάδοσιν Ωφελίμων Βιβλίων ; |v ; 15 | |
| 852 | |a INST |b RHODES |c AKA |e 20090204 |h 599.97092 CLO |p 005400031695 |q 005400031695 |t BK |y 0 | ||
| 901 | |a BIBL4-2009-1 | ||
| 909 | |a Ρ |b 156790 | ||
| 970 | |a ΚΟΖΑ |b ΜΑΡΙΑ |z 2009/02/04 | ||